Welcome to the Holygrace Academy Library

Please use search bar below to get started

BEARS ARE CURIOUS (Record no. 7483)

MARC details
000 -LEADER
fixed length control field 00272nam a22001217a 4500
082 ## - DEWEY DECIMAL CLASSIFICATION NUMBER
Classification number 823
Item number MIL/B
100 ## - MAIN ENTRY--AUTHOR NAME
Personal name MILTON, JOYEE
245 ## - TITLE STATEMENT
Title BEARS ARE CURIOUS
260 ## - PUBLICATION, DISTRIBUTION, ETC. (IMPRINT)
Place of publication NEW YORK
Name of publisher RANDOM HOUSE
Year of publication 1998
300 ## - PHYSICAL DESCRIPTION
Number of Pages 32
650 ## - SUBJECT ADDED ENTRY--TOPICAL TERM
Topical Term ENGLISH STORY
Geographic subdivision UNITED STATES
942 ## - ADDED ENTRY ELEMENTS (KOHA)
Koha item type Books
Holdings
Withdrawn status Lost status Collection code Home library Current library Date acquired Source of acquisition Cost, normal purchase price Full call number Accession Number Koha item type
Withdrawn Damaged Item Fiction Main Library Main Library 11/03/2002 purchase 148.00 823 MIL/B 00578 Books